01430 a2200169 45000010006000000050017000060080041000230030015000640400040000790800073001192450062001922500012002542640039002663000019003055050907003241000029012313850820260407155648.0260407a1970 arg spa dAR-UNSa-BCEJYS aAR-UNSa-BCEJYSbspacAR-UNSa-BCEJYS a658.8xOrganización de mercados. Marketing. Ventas. Distribución10aMarketingpanálisis económico-comparativo y gerencial a2a. ed. 1aBuenos Aires :bSudamericanac1970 a683 p.c20 cm. a1. Sistemas económicos - El sistema capitalista - 2. Marketing en las economías orientadas hacia el consumidor: EE.UU - 3. El sistema colectivista - 4. Marketing en las economías orientadas hacia la producción y en las economías en transición - 5. Fundamentos de marketing( de acuerdo a las experiencias capitalista y colectiva) - 6. Las ganancias y la dinámica de las empresas modernas - 7. El ejecutivo, la planificación y la organización de marketing - 8. La conducta del consumidor: Principios de ciencias de la conducta y de investigación - 9. La conducta del consumidor - 10. La dirección de la información y la toma de decisiones - 11. La innovación y la dirección de los productos - 12. Competencia de precios y de marcas - 13. Selección de canales y logistica de la distribución - 14. La función de promoción : El concepto de promoción, la venta personal.1 aCosta Lieste, Enrique G.